000 01163nam a2200277Ia 4500
003 OSt
005 20221005104543.0
006 a|||||r|||| 00| 0
007 ta
008 221004b |||||||| |||| 00| 0 san d
020 _a9789350643884 (pbk)
_cINR 195.00
024 _a41519
037 _b285, 15/02/2019, Eastern Book Linkers
_cTextual
040 _aCRL
_cCRL
_bsan
041 _2san
_asan
082 _aO15,1A1:g, 152Q7
100 _aपट्टनायक, देवदत्त, ले.
_9158876
245 0 _aसीता के पॉंच निर्णयः रामायण की एक अनूठी प्रस्तुति
246 _aSītā ke paॉancha nirṇayah rāmāyaṇ kī ek anūṭhī prastuti
260 _aदिल्ली
_bराजपाल एण्ड सन्ज भारत
_c2015
300 _a258पृ0
_ccm.
650 _a संस्कृत साहित्य
650 _aरामायण
942 _hO15,1A1:g, 152Q7
_cTEXL
_2cc
999 _c1013070
_d1013070